000 00734nam a22002297a 4500
005 20251108171735.0
008 250721s1993 xx 000 0 ara d
082 1 4 _aم/816.6/معر
100 1 _aالمعري، أبو العلاء
245 1 0 _aرسالة الغفران لأبي العلاء المعري /
250 _aط9
264 1 _aالقاهرة :
_bدار المعارف،
_c1993.
300 _a663ص
490 0 _aسلسلة ذخائر العرب ؛ 4
650 1 7 _aالأدب العربي
650 1 7 _aالرسائل
650 1 7 _aالعصر العباسي
700 1 _aعبد الرحمن، عائشة
_eتحقيق
700 1 _aبنت الشاطئ،
_eتحقيق
942 _2ddc
_cREF
999 _c61292
_d61292